000
00313nam a22001457a 4500
003
OSt
005
20160727222352.0
008
160622b xxu||||| |||| 00| 0 eng d
040
_c
TEST
100
_9
420
_a
Herriot
245
_a
Vet in a Spin
260
_a
LON
_b
Pan Book
300
_a
Vet in a Spin
942
_2
ddc
_c
BK
999
_c
343
_d
343